000 00509nam a2200169 i 4500
001 30236
003 ES-MaACL
005 20230906154148.0
007 t|
008 030124s1971 sp ||||1| spa d
100 1 _aBassani, Giorgio.
_926302
245 1 0 _aLida Mantovani y otras historias de Ferrara /
_cGiorgio Bassani ; [traducción de: Sergio Pitol].
260 _aBarcelona :
_bBarral,
_c[1971]
300 _a175 p. ;
_c19 cm.
700 1 _aPitol, Sergio.
_992416
852 _aES-MaACL
_jC-45335
_bR.79339
999 _c30236
_d30236